Statystyki dla Goście RealCast

Kliknij tutaj aby rozwiązać quiz!

Ogólne statystyki

  • Ten quiz został rozwiązany 35 razy
    (23 od ostatniego zresetowania)
  • Średni wynik to 12 z 23

Statystyki odpowiedzi

HintOdpowiedź% Poprawnych
4.Nitro
100%
16.Friz
89%
3.Mandzio
89%
7.Tromba
78%
23.Yoshi
78%
2.Yoshi
78%
9.Gimper
67%
17.Mixer
67%
1.Kruszwil
56%
5.Zdvpy
56%
20.Xntentacion
44%
18.Yachu
44%
6.Dis
33%
22.Gonciarz
33%
14.Kacper Blonsky
33%
12.Linkiewicz
33%
15.Marcin Dubiel
33%
420.Mestosław
33%
19.Czuux
22%
8.Michu
22%
11.Naruciak
22%
10.Wip Bros
22%
13.Wojtek Gola
22%

Rozkład punktacji

Percentyl według liczby udzielonych odpowiedzi

Procent ludzi z każdym wynikiem

Twoja historia wyników

Nie rozwiązałeś tego quizu od ostatniego zresetowania